Poválečný průmyslový cyklus ve vyspělých kapitalistických zemích

Salvato in:
Dettagli Bibliografici
Autore principale: Dreňová, Lubomíra
Ente Autore: Vysoká škola ekonomická v Praze
Natura: Libro
Lingua:ceco
Pubblicazione: Praha Státní pedagogické nakladatelství 1984
Tags: Aggiungi Tag
Nessun Tag, puoi essere il primo ad aggiungerne!!

MARC

LEADER 00000nam a2200000 4500
001 c107123
005 20190425100251.5
041 0 |a cze 
044 |a CZ 
245 1 0 |a Poválečný průmyslový cyklus ve vyspělých kapitalistických zemích  |c Lubomíra Dreňová 
264 1 |a Praha  |b Státní pedagogické nakladatelství  |c 1984 
300 |a 92 s. 
100 1 |a Dreňová, Lubomíra 
710 2 |a Vysoká škola ekonomická v Praze